LIBRARY ONLINE CATALOGUE

Numerical methods of statistics / (Record no. 2605)

MARC details
000 -LEADER
fixed length control field 00942nam a22002532 4500
001 - CONTROL NUMBER
control field 0000004317
005 - DATE AND TIME OF LATEST TRANSACTION
control field 20151217145803.0
008 - FIXED-LENGTH DATA ELEMENTS--GENERAL INFORMATION
fixed length control field 070522s xx 000 0 eng d
020 ## - INTERNATIONAL STANDARD BOOK NUMBER
International Standard Book Number 0521791685 :
Terms of availability GBP 55.00
040 ## - CATALOGING SOURCE
Original cataloging agency KABU
Transcribing agency KABU
050 #0 - LIBRARY OF CONGRESS CALL NUMBER
Classification number QA276.4
Item number .M66
100 1# - MAIN ENTRY--PERSONAL NAME
Personal name Monahan, John F.
-- 0000154810
245 10 - TITLE STATEMENT
Title Numerical methods of statistics /
Statement of responsibility, etc. John F. Monahan.
260 ## - PUBLICATION, DISTRIBUTION, ETC. (IMPRINT)
Place of publication, distribution, etc. Cambridge ;
-- New York :
Name of publisher, distributor, etc. Cambridge University Press,
Date of publication, distribution, etc. 2001.
300 ## - PHYSICAL DESCRIPTION
Extent xiv, 428 p. :
Other physical details ill. ;
Dimensions 26 cm. +
Accompanying material 1 computer disk (31/2 in.)
440 #0 - SERIES STATEMENT/ADDED ENTRY--TITLE
Title Cambridge series in statistical and probabilistic mathematics
-- 0000154811
504 ## - BIBLIOGRAPHY, ETC. NOTE
Bibliography, etc Includes bibliographical references.
650 #0 - SUBJECT ADDED ENTRY--TOPICAL TERM
Topical term or geographic name as entry element Mathematical statistics
General subdivision Data processing.
-- 0000154805
650 #0 - SUBJECT ADDED ENTRY--TOPICAL TERM
Topical term or geographic name as entry element Numerical analysis.
-- 0000154812
908 ## - PUT COMMAND PARAMETER (RLIN)
Put command parameter 070522
950 ## - LOCAL HOLDINGS (RLIN)
-- 1
Holdings
Withdrawn status Lost status Source of classification or shelving scheme Not for loan Home library Current library Date acquired Total Checkouts Full call number Barcode Date last seen Price effective from Koha item type
    Library of Congress Classification   Kabarak, Main Campus Kabarak, Main Campus 17/12/2015   QA276.4 .M66 008534 17/12/2015 17/12/2015 General Collection
    Library of Congress Classification   Kabarak, Main Campus Kabarak, Main Campus 17/12/2015   QA276.4 .M66 008535 17/12/2015 17/12/2015 General Collection